| 000 | 00636nam a22002057a 4500 | ||
|---|---|---|---|
| 003 | OSt | ||
| 005 | 20190620085542.0 | ||
| 008 | 130824t xxu||||| |||| 00| 0 eng d | ||
| 020 | _a9780553081329 | ||
| 050 |
_aRC 535 _b.R67 1994 |
||
| 082 |
_aHS 616.85223 _bR733 1994 |
||
| 100 |
_aRoss, Jerilyn _913581 |
||
| 245 |
_aTriumph over fear : _ba book of help and hope for people with anxiety, panic attacks and phobias/ _cJerilyn Ross. |
||
| 260 |
_aNew York : _b Bantam Books, _c1994. |
||
| 300 |
_a296 p.: _c54 cm. |
||
| 650 |
_aPanic disorders _xPopular works _913582 |
||
| 650 |
_a Phobias _913583 |
||
| 942 |
_2lcc _cBK |
||
| 999 |
_c9423 _d9423 |
||